000 00527nam a22001457a 4500
003 NUST
082 _a670
100 _aKaleem, Usama
_9119892
245 _aAnalysis of Mechanical Properties of parts produced through Stereolithography (SLA) with different Build Parameters/
_c Usama Kaleem
264 _aIslamabad :
_bSMME- NUST;
_c2009.87p. ;
300 _bSoft Copy
_c30cm.
700 _aSupervisor : Dr. Mushtaq Khan
_9119879
856 _u http://10.250.8.41:8080/xmlui/handle/123456789/38743
942 _2ddc
_cBK
999 _c607420
_d607420